000 00468nam a2200145Ia 4500
008 231129s1992||||xx |||||||||||||| ||spa||
020 _a958-28-0349-5
040 _bspa
082 _a616.1205 H171c
100 _aHalhuber Carola
245 0 _aComo prevenir y tratar el infarto : consejos y ayuda para las enfermedades coronarias angina de pecho e infarto
260 _c1992
264 _aCirculo de Lectores
942 _2ddc
_cBKS
999 _c7656
_d7656